binding and keeping 13 - Statistics

General Stats
  • This quiz has been taken 673 times
  • The average score is 12 of 15
Answer Stats
Hint Answer % Correct
whats the name of the female main character? shannon
100%
what is the name of johnnys father? john
99%
whats the name of the male main character? johnny
98%
what is shannons last name? lynch
89%
what sport does johnny do? rugby
89%
what was the name of the brother that left shannon? darren
88%
what is the name johnnys best friend? gibsie
88%
how many brothers does shannon have? five
84%
what is johnny's last name kavanagh
82%
what is the name of johnnys mom? edel
77%
what city do they live in? cork
72%
what is the name of shannons best friends? claire and lizzie
71%
what does sean call johnny? onny
62%
what is johnny short for? jonathan
60%
what does johnnys parents do in keeping 13? adopt the lynches
7%
No matching quizzes found
Score Distribution
Percent of People with Each Score
Percentile by Number Answered
Your Score History
You have not taken this quiz